| 000 | 01354cam a2200397 a 4500 | ||
|---|---|---|---|
| 001 | 9523 | ||
| 003 | FISKH | ||
| 005 | 20260119095100.0 | ||
| 008 | 040204s2004 nyu c 000 1 eng | ||
| 010 | _a 2004002305 | ||
| 020 | _a0060599405 | ||
| 020 |
_a0060599413 _qlib. bdg. |
||
| 020 | _a9780060599409 | ||
| 020 | _a9780060599423 | ||
| 020 |
_a9780060599416 _q(lib. bdg.) |
||
| 035 | _a13479292 | ||
| 040 |
_aDLC _cDLC _dDLC _beng |
||
| 050 | _aPZ7.B38894 W | ||
| 082 | _a173 | ||
| 100 | 1 | _aBell, Hilari. | |
| 245 | 1 | 4 |
_aThe wizard test / _cHilari Bell. |
| 260 |
_aNew York : _bEos, _c2005 |
||
| 300 |
_a166 pages : _c20 cm |
||
| 505 | _aR | ||
| 520 | _aFourteen year-old Dayven is devastated when he learns he has wizard powers, since wizards are considered to be disloyal deceivers who believe in nothing, until he undergoes wizard training and discovers a new way of looking at the world that will change his values, friendships, and future. | ||
| 521 | 8 |
_a720
_bLexile estimate |
|
| 521 | 8 |
_aR
_bRaz-Plus |
|
| 650 | 1 |
_aWizards _vFiction. |
|
| 650 | 1 |
_aPerception _vFiction. |
|
| 650 | 1 |
_aFriendship _vFiction. |
|
| 650 | 1 | _aFantasy. | |
| 655 | 7 |
_aFiction. _2lcgft _0https://id.loc.gov/authorities/genreForms/gf2014026339 |
|
| 906 |
_a7 _bcbc _corignew _d1 _eecip _f20 _gy-gencatlg |
||
| 942 |
_2ddc _cBK _n0 |
||
| 999 |
_c9523 _d9523 |
||